| 000 | 01174nam a2200265 i 4500 | ||
|---|---|---|---|
| 001 | 184960 | ||
| 003 | ES-MaACL | ||
| 005 | 20250811071126.0 | ||
| 008 | 160229e1900 sp |||| | spa d | ||
| 080 | _a75 Goya, Francisco de (060.64) | ||
| 111 | 2 |
_aExposición de Obras de Goya ( _d1900. _cMadrid) _9158886 |
|
| 245 | 1 | 0 |
_aCatálogo de las obras de Goya expuestas en el Ministerio de Instrucción Pública y Bellas Artes : _bmayo, 1900. |
| 260 |
_a[S.l. : _bs.n.], _c1900 _e(Madrid : _fEst. Tip. de Fortanet) |
||
| 300 |
_a61 páginas ; _c17 cm. |
||
| 530 | _aDisponible en formato digital | ||
| 600 | 1 |
_aGoya, Francisco de, _d1746-1828- _vExposiciones _9240354 |
|
| 655 | 7 |
_2tgfbne _9193628 _aCatálogos de exposiciones |
|
| 710 | 1 |
_aEspaña. _bMinisterio de Instrucción Pública y Bellas Artes _ehis _9226896 |
|
| 852 |
_aES-MaACL _cDEPOF _jFol-Laf-491 |
||
| 852 |
_aES-MaACL _cSVI _hDonativo de Cerrajería _jD-366 |
||
| 856 |
_uhttps://bibliotecadigital.museodelprado.es/pradobib/es/bib/13551.do _yVersión en línea _z(Biblioteca Digital del Museo del Prado) |
||
| 942 |
_2udc _cMONANT _n0 |
||
| 999 |
_c184960 _d184960 |
||